000 00715nam a2200229Ia 4500
005 20230831095140.0
008 210716s2011 xx 000 0 und d
020 _a9788131725849
040 _cAIMIT LIBRARY
041 _aeng
082 _a368.08
_210
_bREJG
100 _aRejda, George E.
_9131828
245 _aPrinciples of risk management and insurance /
_cBy George E Rejda.
250 _a10th ed.
260 _aNew Delhi :
_bPearson ,
_c2011.
300 _axx,748p. ;
_bPB
_c25.1 cm
650 _aInsurance(368)
_9131829
651 _aInsurance and risk
_9131830
651 _aFinancial operations of insurers
_9131831
651 _aBuying life insurance
_9131832
942 _2ddc
_cBK
_e10th
_k368.08 REJG
999 _c206589
_d206589